|
|
|
|
| LEADER |
01009cam a2200301 7i4500 |
| 001 |
0000008535 |
| 005 |
20230209090000.0 |
| 020 |
|
|
|a 0072412232
|
| 020 |
|
|
|a 9780071181129
|
| 020 |
|
|
|a 0072412224
|
| 020 |
|
|
|a 0071181121
|
| 020 |
|
|
|a 0072410663
|
| 090 |
0 |
0 |
|a HF5635
|b .D93 2001
|
| 100 |
1 |
|
|a Dyckman, Thomas R
|
| 245 |
1 |
0 |
|a Intermediate accounting
|c Thomas R. Dyckman, Charles J. Davis, Roland E. Dukes.
|
| 250 |
|
|
|a 5th ed.
|
| 260 |
|
|
|a Boston:
|b Irwin.McGraw-Hill,
|c 2001.
|
| 300 |
|
|
|a xxiv, 1321 p.;
|c 27 cm.
|
| 500 |
|
|
|a Includes index
|
| 650 |
0 |
0 |
|a Accounting
|
| 700 |
1 |
|
|a Dukes, Roland E
|
| 700 |
1 |
|
|a Davis, Charles J
|
| 997 |
|
|
|a Business & Accountancy, Faculty
|
| 999 |
|
|
|a 0000004980
|b BOK
|c OPEN SHELF
|e 1st Floor, Shah Alam
|
| 999 |
|
|
|a 0000023025
|b BOK
|c OPEN SHELF
|e 1st Floor, Shah Alam
|
| 999 |
|
|
|a 0000027460
|b BOK
|c OPEN SHELF
|e 1st Floor, Shah Alam
|
| 999 |
|
|
|a 0000028171
|b BOK
|c OPEN SHELF
|e 1st Floor, Shah Alam
|
| 999 |
|
|
|a 0000069926
|b BOK
|c OPEN SHELF
|e 1st Floor, Shah Alam
|